LEADER 00928nam a2200241 i 4500 001 991000147479707536 005 20020503114714.0 008 010309s|||| ||| ||| | ita 020 $a8477826269 035 $ab10037160-39ule_inst 035 $aocm00001746$9ExL 040 $aDip.to Beni Culturali$bita 100 1 $aBarral I Altet, Xavier$0151932 245 10$aVitralls medievals de Catalunya :$bfotografies de Roman Roca junyent corpus vitrearum Medii Aevi. Catalunya /$cXavier Barral I Altet 260 $aBarcelona :$bLunwerg,$c2000 300 $a271 p. :$bill. 650 4$aVetrate medievali 907 $a.b10037160$b21-09-06$c31-05-02 912 $a991000147479707536 945 $aLE001 AR VI 106 4?$g1$i2001000017867$lle001$o-$pE0.00$q-$rl$s- $t0$u0$v0$w0$x0$y.i10040419$z31-05-02 996 $aVitralls medievals de Catalunya$9177447 997 $aUNISALENTO 998 $ale001$b01-01-01$cm$da $e-$feng$gxx $h0$i1